La lira argentina /

Guardado en:
Autor Principal: Rosemberg, Fernando
Formato: Libro
Publicado: Buenos Aires : Eudeba, 1966
Series:Del Siglo y Medio
Materias:
Etiquetas: Agregar Etiqueta
Sin Etiquetas, Sea el primero en etiquetar este registro!
LEADER 00647nam a22002175a 4500
001 CEM.cems005599
005 20101111111239.0
008 130507s1966##################000#0#####d
003 CEMS
082 0 4 |a A868 
100 1 |a Rosemberg, Fernando 
245 1 0 |a La lira argentina /  |c Selección, Presentación y Notas Por Fernando Rosemberg 
260 |a Buenos Aires :  |b Eudeba,  |c 1966 
300 |a 114 p. 
490 0 |a Del Siglo y Medio 
653 |a Literatura 
653 |a Literatura argentina 
653 |a Antología poética argentina 
653 |a Poesías 
653 |a Poesía argentina 
859 |a CEMS  |b BIB. CEMS - 11 de abril  |h A868  |i L67  |p 9098.81  |t Ej.1